Normal view MARC view
  • Libros de texto

Entry Materia

Number of records used in: 30

001 - NÚMERO DE CONTROL DEL REGISTRO

  • campo de control: 4424

003 - IDENTIFICADOR DE NUMERO DE CONTROL

  • campo de control: MX-MxUPN

005 - FECHA Y HORA DE LA ÚLTIMA TRANSACCIÓN

  • campo de control: 20251128130723.0

008 - DATOS DE LONGITUD FIJA

  • campo de control de longitud fija: 251128n| fcnnnbabn | ana |d

035 ## - NÚMERO DE CONTROL DEL SISTEMA

  • Número de control del sistema: UPN10000004424

040 ## - FUENTE DE LA CATALOGACIÓN

  • Centro catalogador de origen: MX-MxUPN
  • Lengua de catalogación: spa
  • Agencia de transcripción: MX-MxUPN

150 ## - ENCABEZAMIENTO - TEMÁTICO

  • Término de materia o nombre geográfico como elemento inicial: Libros de texto
  • Subdivisión de forma: Evaluación

670 ## - FUENTE EN LA QUE SE LOCALIZARON DATOS

  • Cita de la fuente: LC
  • Información localizada: Textbooks - Evaluation

902 ## - CATALOGADOR

  • Catalogador: MEEG/030806